O logaritmech a logaritmických tabulkách. /
Uložené v:
| Hlavný autor: | |
|---|---|
| Médium: | Kniha |
| Jazyk: | Czech |
| Vydané: |
Praha :
Jednota československých matematiků a fysiků,
1949
|
| Vydanie: | 1. vyd. |
| Edícia: | Brána k vědění
Sv. 7. |
| Témy: | |
| ISBN: |
(brož.) |
| Fyzický popis: |
30 s. |
| Tagy: |
Pridať tag
Žiadne tagy, Buďte prvý kto otaguje tento záznam!
|
Titul je dostupný aj v ... 

MARC
| LEADER | 00000nam a2200000 a 4500 | ||
|---|---|---|---|
| 001 | 000028021 | ||
| 003 | SVKK | ||
| 005 | 19970917000000.0 | ||
| 008 | 970429s1949 xo e czeo | ||
| 020 | |a (brož.) | ||
| 040 | |a SVKKK |b slo |c SVKKK |e AACR2 | ||
| 041 | 0 | |a cze | |
| 044 | |a xo |c SK | ||
| 080 | |a 518.2 |2 1997 | ||
| 100 | 1 | |a Jozífek, Vítězslav |4 aut | |
| 245 | 1 | 0 | |a O logaritmech a logaritmických tabulkách. / |c Vítězslav Jozífek |
| 250 | |a 1. vyd. | ||
| 260 | |a Praha : |b Jednota československých matematiků a fysiků, |c 1949 | ||
| 300 | |a 30 s. | ||
| 440 | 0 | |a Brána k vědění |v Sv. 7. | |
| 653 | 0 | |a logaritmy |2 SVKKKPH | |
| 655 | 7 | |a monografie |2 SVKKKPH | |
| 910 | |a svkkk | ||
| 974 | |a MI |d 19970523 | ||
| 974 | |a PA |d 19970708 | ||
| 974 | |a EG |d 19970917 | ||
| 998 | |a BK | ||
| 090 | |g SCKHL |k Sklad Pribinova prízemie |a IV.175215 |j 906709 |i 2720045986 |s Prezenčne | ||